000 00569nam a2200193Ia 4500
008 090124s9999 xx 000 0 und d
020 _a81-7786-231-6
082 _b45075
100 _aहंप्रस प्रतिभा
245 _a झुंज नियतीशी
250 _a1
260 _c2006
300 _a192
600 _aहंप्रस प्रतिभा
630 _a झुंज नियतीशी
700 _aहंप्रस प्रतिभा
730 _a झुंज नियतीशी
942 _cBOOK
999 _c111297
_d111297